Größte Städte Afrikas - Statistiken

Allgemein
  • Dieses Quiz wurde 122 mal gespielt
  • Das Durchschnittsergebnis liegt bei 16 aus 20
Antwortstatistiken
Einwohner Stadt % Korrekt
22.5 Mio. Kairo
98%
4.975 Mio. Kapstadt
95%
15.6 Mio. Kinshasa
95%
20.7 Mio. Lagos
94%
4.25 Mio. Algier
93%
14.6 Mio. Johannesburg
93%
6.70 Mio. Nairobi
93%
4.775 Mio. Casablanca
87%
3.925 Mio. Dakar
86%
6.20 Mio. Alexandria
85%
9.35 Mio. Luanda
84%
6.60 Mio. Accra
82%
4.725 Mio. Addis Abeba
81%
6.25 Mio. Daressalam
80%
7.05 Mio. Khartum
72%
6.80 Mio. Abidjan
70%
5.45 Mio. Bamako
69%
3.85 Mio. Durban
66%
4.125 Mio. Kampala
66%
5.20 Mio. Kano
58%
Keine übereinstimmenden Quizze gefunden
Verteilung der Resultate
Anzahl Personen mit jedem Resultat
Perzentil nach korrekt beantworteten Fragen
Ihre Resultats-Entwicklung
Sie haben dieses Quiz noch nicht gespielt